Don Alvaro o la fuerza del sino
Saved in:
| Hovedforfatter: | |
|---|---|
| Format: | Bog |
| Sprog: | spansk |
| Udgivet: |
Santiago
Bravo y Allende editores
1994
|
| Udgivelse: | 2a. ed |
| Serier: | Quinto centenario del Descubrimiento de América
|
| Fag: | |
| Tags: |
Tilføj Tag
Ingen Tags, Vær først til at tagge denne postø!
|
MARC
| LEADER | 00000nam a2200000 a 4500 | ||
|---|---|---|---|
| 001 | UCH6493 | ||
| 003 | CL-VaPUC | ||
| 008 | 091109e19940000CL |||||||||||||||||spa|d | ||
| 020 | |a 9567003130 | ||
| 082 | 0 | 4 | |a 861 |b SAA |2 21 |
| 100 | 0 | |a Saavedra Duque de Rivas, Angel de |e author |9 543042 | |
| 245 | 1 | 0 | |a Don Alvaro o la fuerza del sino |
| 250 | |a 2a. ed | ||
| 300 | |a 138 p | ||
| 942 | |c BK | ||
| 945 | |d 20091109 00:00:00 |a ccalabra | ||
| 260 | |a Santiago |b Bravo y Allende editores |c 1994 | ||
| 650 | 0 | |a Literatura |9 259151 | |
| 650 | 0 | |a Literatura española |9 306261 | |
| 650 | 0 | |a Drama español |9 265098 | |
| 650 | 0 | |a Escritores españoles |9 318145 | |
| 650 | 0 | |a Narrativa |9 336727 | |
| 650 | 0 | |a Teatro español |9 265077 | |
| 650 | 7 | |a DRAMATURGOS |2 CL-VaPUC |9 433205 | |
| 650 | 0 | |a Lectura |9 307634 | |
| 651 | 0 | |a España |9 254926 | |
| 583 | |a last modification |c 20091109 00:00:00 |k Rodrigo Vera | ||
| 490 | 0 | |a Quinto centenario del Descubrimiento de América | |
| 999 | |c 337372 |d 337370 | ||